000 00548nam a2200229Ia 4500
003 OSt
005 20230410153301.0
008 210423s2008 xx 000 0 und d
020 _a415375851
040 _cAL
041 _aeng
082 _a332 JONC
100 _aJONES (Chris)
_985609
245 _aFinancial economics
260 _aLondon
_bRoutledge
_c2008
300 _axi,320
_bPB
365 _b595
_cINR
650 _aEconomics
_985610
650 _aFinancial Economics
_985611
906 _aeconomics ; Financial
942 _2ddc
_cBK
999 _c158392
_d158392